000 00619nam a2200241Ia 4500
001 23822
005 20240114000739.0
007 ta
008 060331s a g b000 u 465 u
040 _aCotton College,Assam
041 _a465
082 _a823
_bB 886 P
100 _aBunyan, John .
245 0 _aThe Pilgrim`s Progress /
_cJohn Bunyan.
_hTextual Documents
250 _a1st ed. /
260 _aGlasgow :
_bE. J. Arnold & Sons ,
_cnd.
300 _a95p. :
_bill ;
_c18cm .
653 _aEnglish Novel
653 _aG-English
942 _2ddc
_cBK
999 _c23804
_d23804